LEADER 01037nam0-22002651i-450- 001 990006280980403321 005 19980601 035 $a000628098 035 $aFED01000628098 035 $a(Aleph)000628098FED01 035 $a000628098 100 $a19980601d1966----km-y0itay50------ba 105 $a--------00-yy 200 1 $aCOMITATO tecnico di studio per l'accertamento degli oneri che potranno derivare alla finanza pubblica dalla istituzione e dal funzionamento delle regioni a statuto ordinario$f(a curadella Presidenza del Consiglio dei Ministri). 210 $aRoma$cIstituto Poligrafico dello Stato$d1966 215 $a197 p.$d24 cm 676 $a336.014 801 0$aIT$bUNINA$gRICA$2UNIMARC 901 $aBK 912 $a990006280980403321 952 $aXIV P 14$b80407$fFGBC 959 $aFGBC 996 $aCOMITATO tecnico di studio per l'accertamento degli oneri che potranno derivare alla finanza pubblica dalla istituzione e dal funzionamento delle regioni a statuto ordinario$9639638 997 $aUNINA DB $aGIU01 LEADER 01157nam0 22002651i 450 001 UON00406051 005 20231205104718.833 100 $a20120301d1974 |0itac50 ba 101 $aita 102 $aIT 105 $a|||| ||||| 200 1 $aOccupazione, qualificazione e mercato del lavoro$euna ricerca di qualificazione e l'occupazione impiegatizia in Italia oggi$fEnzo Mingione, Francesca Zajczyk$ga cura di Istituto di sociologia. Università degli Studi di Milano 210 $aMilano$cSapere edizioni$d1974 215 $a207 p.$d20 cm. 606 $aSociologia del lavoro$3UONC034482$2FI 620 $aIT$dMilano$3UONL000005 700 1$aMingione$bEnzo$3UONV207987 701 1$aZajczyk$bFrancesca$3UONV207591$00 712 $aSapere Edizioni$3UONV267788$4650 801 $aIT$bSOL$c20250919$gRICA 899 $aSIBA - SISTEMA BIBLIOTECARIO DI ATENEO$2UONSI 912 $aUON00406051 950 $aSIBA - SISTEMA BIBLIOTECARIO DI ATENEO$dSI A B 0038 $eSI SC 1302 5 0038 $sBuono 996 $aOccupazione, qualificazione e mercato del lavoro$91346121 997 $aUNIOR